[Event "Crema op-B 17th"]
[Site "Crema"]
[Date "2016.09.04"]
[Round "6"]
[White "Marzatico, Luca"]
[Black "Casartelli, Fabio"]
[Result "0-1"]
[WhiteElo "1802"]
[BlackElo "1702"]
[PlyCount "108"]
[EventDate "2016.09.02"]
[EventType "swiss"]
[EventRounds "6"]
[EventCountry "ITA"]
[SourceTitle "EXT 2018"]
[Source "ChessBase"]
[SourceDate "2017.10.13"]
[SourceVersion "1"]
[SourceVersionDate "2017.10.13"]
[SourceQuality "1"]

1. Nf3 b6 2. d4 e6 3. e4 Ba6 4. Bxa6 Nxa6 5. 0-0 c6 6. Re1 Nc7 7. c4 Bb4 8. Nc3 Ne7 9. Ne5 0-0 10. a3 Bxc3 11. bxc3 d6 12. Nd3 d5 13. cxd5 cxd5 14. e5 Rc8 15. Bd2 Nb5 16. Qb3 Nc7 17. a4 Nc6 18. Re3 Na5 19. Qd1 Nc4 20. Rh3 Nxd2 21. Qxd2 f6 22. f4 f5 23. a5 Nb5 24. Rc1 Rf7 25. axb6 axb6 26. Qb2 Qe8 27. Nb4 Rfc7 28. Rd3 Rc4 29. Na2 Ra4 30. h3 Qc6 31. g4 Qc4 32. Rd2 Rca8 33. Nb4 Ra3 34. gxf5 exf5 35. Kh2 Rb3 36. Qc2 Rxc3 37. Qxf5 Qxb4 38. Qe6+ Kh8 39. Rg1 Nxd4 40. Qxd5 Nf3+ 41. Kh1 Qf8 42. Rg3 Rc1+ 43. Rd1 Rxd1+ 44. Qxd1 Nh4 45. Qg4 Ra1+ 46. Kh2 Ra2+ 47. Kh1 Nf5 48. Rc3 g6 49. Qg5 Qa8+ 50. Kg1 Ra1+ 51. Kf2 Qa2+ 52. Kf3 Rf1+ 53. Ke4 Re1+ 54. Kd3 Qe2# 0-1

[Event "Crema op-B 17th"]
[Site "Crema"]
[Date "2016.09.03"]
[Round "4"]
[White "Oteri, Aldo"]
[Black "Casartelli, Fabio"]
[Result "0-1"]
[WhiteElo "1803"]
[BlackElo "1702"]
[PlyCount "84"]
[EventDate "2016.09.02"]
[EventType "swiss"]
[EventRounds "6"]
[EventCountry "ITA"]
[SourceTitle "EXT 2018"]
[Source "ChessBase"]
[SourceDate "2017.10.13"]
[SourceVersion "1"]
[SourceVersionDate "2017.10.13"]
[SourceQuality "1"]

1. e4 b6 2. d4 e6 3. Nf3 Ba6 4. c4 Bb4+ 5. Bd2 Bxd2+ 6. Nbxd2 Ne7 7. Bd3 0-0 8. 0-0 Ng6 9. Re1 c5 10. d5 e5 11. Nf1 d6 12. Ne3 Nd7 13. Nf5 Nf6 14. g3 Bc8 15. Qd2 Re8 16. Bf1 Nxe4 17. Rxe4 Bxf5 18. Re3 e4 19. Rae1 Qd7 20. Ng5 Ne5 21. Bg2 Nxc4 22. Qc2 Nxe3 23. Rxe3 Bg6 24. Bxe4 Bxe4 25. Rxe4 g6 26. Rh4 Qf5 27. Qxf5 gxf5 28. Kf1 Re5 29. Nxh7 Kg7 30. Ng5 Rxd5 31. Nf3 Re8 32. Ra4 Re7 33. h4 b5 34. Ra5 b4 35. b3 Rd1+ 36. Kg2 Rc1 37. Nd2 d5 38. Nf3 Rc2 39. Ng1 d4 40. Ra6 Rd7 41. h5 d3 42. h6+ Kh8 0-1

[Event "Crema op-B 17th"]
[Site "Crema"]
[Date "2016.09.02"]
[Round "1"]
[White "Casartelli, Fabio"]
[Black "Pinna, Ferdinando"]
[Result "0-1"]
[WhiteElo "1702"]
[BlackElo "1894"]
[PlyCount "148"]
[EventDate "2016.09.02"]
[EventType "swiss"]
[EventRounds "6"]
[EventCountry "ITA"]
[SourceTitle "EXT 2018"]
[Source "ChessBase"]
[SourceDate "2017.10.13"]
[SourceVersion "1"]
[SourceVersionDate "2017.10.13"]
[SourceQuality "1"]

1. d4 g6 2. Nf3 Bg7 3. g3 Nf6 4. Bg2 d6 5. 0-0 0-0 6. c4 c6 7. Nc3 Qa5 8. e4 Bg4 9. h3 Bxf3 10. Qxf3 Nfd7 11. Be3 Nb6 12. Qe2 Qb4 13. a3 Qxc4 14. Rac1 Qxe2 15. Nxe2 N8d7 16. b4 Rfc8 17. h4 d5 18. e5 e6 19. h5 Nc4 20. hxg6 hxg6 21. Rc3 b6 22. Rfc1 c5 23. Rxc4 dxc4 24. Bxa8 Rxa8 25. bxc5 bxc5 26. dxc5 Nxe5 27. Bf4 Rc8 28. Bxe5 Bxe5 29. Rxc4 Rc6 30. Nc3 Bxc3 31. Rxc3 Kg7 32. Kf1 Kf6 33. Rf3+ Ke7 34. Rc3 e5 35. Ke2 Ke6 36. Ke3 Kd5 37. Rd3+ Ke6 38. Rc3 f6 39. f4 Kd5 40. fxe5 Kxe5 41. Rc4 a5 42. Kd3 Kd5 43. Rg4 f5 44. Ra4 Rxc5 45. g4 Ke5 46. gxf5 Kxf5 47. Ke3 Kg5 48. Kf3 Kh5 49. Kg3 g5 50. Kg2 g4 51. Kg3 Rb5 52. Kg2 Kh4 53. Rc4 Rb2+ 54. Kg1 Rb3 55. Rc2 Rxa3 56. Rh2+ Kg5 57. Rh8 Ra2 58. Rc8 a4 59. Rc5+ Kh4 60. Rc3 g3 61. Rc8 Kg4 62. Rg8+ Kf3 63. Rf8+ Ke3 64. Rg8 g2 65. Re8+ Kd3 66. Rd8+ Kc3 67. Rc8+ Kb3 68. Rb8+ Ka3 69. Rg8 Rb2 70. Rg4 Kb3 71. Rg3+ Ka2 72. Rg4 a3 73. Rg3 Rc2 74. Re3 Kb2 0-1

[Event "Crema op 16th"]
[Site "Crema"]
[Date "2015.09.06"]
[Round "6"]
[White "Casartelli, Fabio"]
[Black "Trifoni, Giorgio"]
[Result "1-0"]
[WhiteElo "1816"]
[BlackElo "1644"]
[PlyCount "91"]
[EventDate "2015.09.04"]
[EventType "swiss"]
[EventRounds "6"]
[EventCountry "ITA"]
[SourceTitle "EXT 2024"]
[Source "ChessBase"]
[SourceDate "2023.10.10"]
[SourceVersion "1"]
[SourceVersionDate "2023.10.10"]
[SourceQuality "1"]

1. e4 c5 2. Nf3 e6 3. d4 cxd4 4. Nxd4 a6 5. Be3 Nc6 6. Nd2 Nf6 7. Be2 Qa5 8. 0-0 Bd6 9. Nxc6 bxc6 10. Nc4 Bxh2+ 11. Kxh2 Qb4 12. c3 Qb8+ 13. Qd6 Nxe4 14. Qxb8 Rxb8 15. f3 d5 16. Ne5 Nf6 17. b4 Bd7 18. Bxa6 0-0 19. Bg5 Bc8 20. Bxc8 Rbxc8 21. Bxf6 gxf6 22. Nd7 Rfd8 23. Nxf6+ Kg7 24. Nh5+ Kg6 25. Nf4+ Kf5 26. Nd3 Ra8 27. Rfe1 Ra3 28. Rec1 Rda8 29. Rc2 h5 30. Kg1 h4 31. Kf2 f6 32. Nc1 e5 33. Ne2 Rg8 34. Rh1 Kg5 35. Rh3 Rga8 36. Nc1 f5 37. g3 hxg3+ 38. Rxg3+ Kf6 39. Rh3 Kg6 40. c4 d4 41. Rg3+ Kf6 42. f4 R3a4 43. fxe5+ Kxe5 44. Rg6 Rh8 45. Re2+ Kf4 46. Nd3# 1-0

[Event "Presolana op 35th"]
[Site "Presolana"]
[Date "2015.08.30"]
[Round "8"]
[White "Boccalatte, Piero"]
[Black "Casartelli, Fabio"]
[Result "0-1"]
[WhiteElo "1913"]
[BlackElo "1816"]
[PlyCount "68"]
[EventDate "2015.08.23"]
[EventType "swiss"]
[EventRounds "8"]
[EventCountry "ITA"]
[SourceTitle "EXT 2024"]
[Source "ChessBase"]
[SourceDate "2023.10.10"]
[SourceVersion "1"]
[SourceVersionDate "2023.10.10"]
[SourceQuality "1"]

1. d4 d5 2. c4 c6 3. e3 Nf6 4. Nc3 e6 5. Nf3 Nbd7 6. Bd3 Bb4 7. 0-0 0-0 8. a3 Be7 9. Re1 dxc4 10. Bxc4 c5 11. dxc5 Nxc5 12. Qc2 a6 13. b4 b5 14. Bxb5 axb5 15. bxc5 b4 16. Na4 bxa3 17. Nb6 Ra6 18. Rxa3 Rxa3 19. Bxa3 Bb7 20. Nd2 Qc7 21. f3 Rd8 22. Nb3 Bd6 23. h3 Bh2+ 24. Kf1 Nh5 25. Rc1 Bxf3 26. gxf3 Ng3+ 27. Ke1 Nf5 28. f4 Bg3+ 29. Ke2 Qc6 30. Rg1 Bh2 31. Kf2 Bxg1+ 32. Kxg1 Qf3 33. Qg2 Qxe3+ 34. Kh2 Qxf4+ 0-1

[Event "Presolana op 35th"]
[Site "Presolana"]
[Date "2015.08.29"]
[Round "7"]
[White "Casartelli, Fabio"]
[Black "Fiscato, Claudio"]
[Result "1-0"]
[WhiteElo "1816"]
[BlackElo "1742"]
[PlyCount "105"]
[EventDate "2015.08.23"]
[EventType "swiss"]
[EventRounds "8"]
[EventCountry "ITA"]
[SourceTitle "EXT 2024"]
[Source "ChessBase"]
[SourceDate "2023.10.10"]
[SourceVersion "1"]
[SourceVersionDate "2023.10.10"]
[SourceQuality "1"]

1. d4 Nf6 2. Nf3 b6 3. Bf4 Bb7 4. e3 e6 5. Be2 Be7 6. 0-0 0-0 7. c4 d6 8. Nc3 Nh5 9. Bg3 Nxg3 10. hxg3 Nd7 11. Qc2 Bf6 12. Rfd1 d5 13. b3 a6 14. Rac1 Rc8 15. Nh2 g6 16. Bf3 c6 17. Qb1 Bg7 18. Nf1 f5 19. Ne2 g5 20. g4 Nf6 21. Nh2 h5 22. Nc3 hxg4 23. Be2 Qe8 24. cxd5 cxd5 25. Na4 Nd7 26. Rxc8 Qxc8 27. Rc1 Qb8 28. Nf1 Rc8 29. Ng3 Rxc1+ 30. Qxc1 Qc8 31. Qd2 Qc6 32. Nh5 Kh7 33. e4 Bh6 34. exf5 exf5 35. Bd3 Nf6 36. Bxf5+ Kh8 37. Ng3 Qd6 38. Qe2 Bg7 39. Bd3 b5 40. Nc5 Bc8 41. Bf5 Qd8 42. Qe3 Bxf5 43. Nxf5 Ne8 44. Qe6 a5 45. Qf7 Bf6 46. Ne6 Qc8 47. Qh5+ Kg8 48. Qg6+ Kh8 49. Qh6+ Kg8 50. Qg6+ Kh8 51. Nf8 Qc1+ 52. Kh2 Qf4+ 53. Ng3 1-0

[Event "Milan Crespi op-C 35th"]
[Site "Milan"]
[Date "2014.12.08"]
[Round "6"]
[White "Casartelli, Fabio"]
[Black "Villalba, Fernando"]
[Result "0-1"]
[WhiteElo "1847"]
[BlackElo "1848"]
[PlyCount "98"]
[EventDate "2014.12.04"]
[EventType "swiss"]
[EventRounds "7"]
[EventCountry "ITA"]
[SourceTitle "EXT 2017"]
[Source "ChessBase"]
[SourceDate "2016.10.25"]
[SourceVersion "1"]
[SourceVersionDate "2016.10.25"]
[SourceQuality "1"]

1. e4 c5 2. Nf3 Nc6 3. Nc3 g6 4. d4 cxd4 5. Nxd4 Bg7 6. Be3 Nf6 7. Be2 0-0 8. Qd2 d5 9. 0-0-0 dxe4 10. Nxc6 Qxd2+ 11. Rxd2 bxc6 12. Rhd1 Be6 13. Kb1 a5 14. Bc5 Rfe8 15. f3 exf3 16. Bxf3 Rac8 17. Bb6 a4 18. Rd8 Nd5 19. Rxe8+ Rxe8 20. Nxd5 cxd5 21. Bd4 Bh6 22. b4 axb3 23. axb3 Rc8 24. Rd3 Bf4 25. g3 Bd6 26. Rc3 Rb8 27. Rc6 h5 28. Rb6 Rc8 29. Kb2 Bf5 30. c3 Ra8 31. b4 Be6 32. Rb5 h4 33. c4 hxg3 34. c5 Bf4 35. hxg3 Bxg3 36. Ra5 Rb8 37. Kb3 Be1 38. Be5 Rxb4+ 39. Ka3 f6 40. Ra8+ Kf7 41. Bg3 Bc3 42. c6 Rc4 43. c7 d4 44. Rd8 Bb4+ 45. Kb3 Ba5 46. Bd5 Rc3+ 47. Kb2 Bxc7 48. Bxc7 Rxc7 49. Be4 Rd7 0-1

[Event "Milan Crespi op-C 35th"]
[Site "Milan"]
[Date "2014.12.06"]
[Round "3"]
[White "Nordio, Giorgio"]
[Black "Casartelli, Fabio"]
[Result "1-0"]
[WhiteElo "1766"]
[BlackElo "1847"]
[PlyCount "85"]
[EventDate "2014.12.04"]
[EventType "swiss"]
[EventRounds "7"]
[EventCountry "ITA"]
[SourceTitle "EXT 2017"]
[Source "ChessBase"]
[SourceDate "2016.10.25"]
[SourceVersion "1"]
[SourceVersionDate "2016.10.25"]
[SourceQuality "1"]

1. c4 Nf6 2. g3 g6 3. Bg2 Bg7 4. Nc3 0-0 5. Nf3 d6 6. 0-0 Nbd7 7. d3 e5 8. Rb1 a5 9. a3 Nc5 10. b4 axb4 11. axb4 Ne6 12. Be3 Ng4 13. Qc1 Nxe3 14. Qxe3 c6 15. Qc1 Nd4 16. e3 Nxf3+ 17. Bxf3 f5 18. b5 Bd7 19. e4 f4 20. Qd1 Qg5 21. Kg2 h5 22. h3 Ra3 23. bxc6 Bxc6 24. Rc1 Bh6 25. Qe2 fxg3 26. fxg3 Qd2 27. Rc2 Qg5 28. Nb1 Raa8 29. Nc3 Rf7 30. Qd1 h4 31. Qe1 Raf8 32. g4 Qd8 33. Ne2 b5 34. Qb4 Qb6 35. cxb5 Qxb5 36. Qxd6 Rf6 37. Qa3 Qb6 38. Qc5 Qxc5 39. Rxc5 Rd8 40. Rxe5 Rxd3 41. g5 Bxg5 42. Rxg5 Bxe4 43. Bxe4 1-0

[Event "Milan SSM op 08"]
[Site "Milan"]
[Date "2014.08.01"]
[Round "4"]
[White "Quagliarella, Sabino Remo"]
[Black "Casartelli, Fabio"]
[Result "0-1"]
[WhiteElo "1838"]
[BlackElo "1834"]
[PlyCount "144"]
[EventDate "2014.07.29"]
[EventType "swiss"]
[EventRounds "7"]
[EventCountry "ITA"]
[SourceTitle "EXT 2016"]
[Source "ChessBase"]
[SourceDate "2015.10.08"]
[SourceVersion "1"]
[SourceVersionDate "2015.10.08"]
[SourceQuality "1"]

1. d4 e6 2. Nf3 c5 3. e3 cxd4 4. exd4 Nf6 5. Bd3 Be7 6. 0-0 0-0 7. c4 Nc6 8. a3 d5 9. Nc3 a6 10. c5 h6 11. Bf4 Nh7 12. Rc1 Ng5 13. Nxg5 Bxg5 14. Be3 Bxe3 15. fxe3 e5 16. Bf5 Qg5 17. Bxc8 Raxc8 18. Nxd5 Rcd8 19. e4 Nxd4 20. Rc3 f5 21. Rg3 Qh4 22. Qe1 fxe4 23. Rxf8+ Rxf8 24. h3 Ne2+ 25. Qxe2 Qxg3 26. Qxe4 Qf2+ 27. Kh2 Qxc5 28. Qxe5 Kh8 29. b4 Qb5 30. Qd6 Qe8 31. Nf4 Rf6 32. Qc7 Qf8 33. g3 Qd6 34. Qc8+ Kh7 35. Qxb7 Qd2+ 36. Ng2 Qd3 37. a4 Rf2 38. h4 Qf3 39. Qxf3 Rxf3 40. Nf4 Ra3 41. a5 Rb3 42. Nd5 Kg6 43. Kh3 Kf5 44. Nc7 Rxb4 45. Nxa6 Rb5 46. g4+ Ke4 47. Nc7 Rxa5 48. h5 Ra3+ 49. Kh4 Kf3 50. Ne6 Rd3 51. g5 Rd1 52. gxh6 gxh6 53. Ng5+ Kf4 54. Nh3+ Kf5 55. Kg3 Rd3+ 56. Kh4 Rd4+ 57. Kg3 Rg4+ 58. Kf3 Rh4 59. Ng1 Rxh5 60. Ne2 Rg5 61. Nd4+ Ke5 62. Ne2 h5 63. Kf2 h4 64. Ng1 Ke4 65. Nh3 Rg3 66. Ng1 Kf5 67. Nf3 Kg4 68. Ne5+ Kf4 69. Nd7 h3 70. Nf6 Rg2+ 71. Kf1 Kf3 72. Nd7 h2 0-1

[Event "Milan Befana op-B"]
[Site "Milan"]
[Date "2014.01.06"]
[Round "7"]
[White "Casartelli, Fabio"]
[Black "Lavorgna, Filippo"]
[Result "1/2-1/2"]
[WhiteElo "1848"]
[BlackElo "1725"]
[PlyCount "120"]
[EventDate "2014.01.02"]
[EventType "swiss"]
[EventRounds "7"]
[EventCountry "ITA"]
[SourceTitle "EXT 2015"]
[Source "ChessBase"]
[SourceDate "2014.11.20"]
[SourceVersion "1"]
[SourceVersionDate "2014.11.20"]
[SourceQuality "1"]

1. d4 Nf6 2. Nf3 g6 3. Nbd2 Bg7 4. c4 d6 5. b3 c5 6. e3 Nc6 7. Bb2 0-0 8. Be2 Qc7 9. 0-0 Bd7 10. d5 Ne5 11. Nxe5 dxe5 12. Qc2 e6 13. e4 exd5 14. cxd5 b5 15. Rac1 Rfc8 16. Rfd1 Ne8 17. Nf3 f6 18. Qd2 Nd6 19. Qe3 Qb6 20. Ba3 b4 21. Bb2 a5 22. Ne1 a4 23. Nd3 Ra5 24. a3 bxa3 25. Bxa3 Qxb3 26. Bxc5 Nc4 27. Qg3 Qa2 28. Bf1 Raxc5 29. Nxc5 Rxc5 30. Qc3 Bb5 31. Rb1 Qa3 32. Rdc1 Qxc3 33. Rxc3 Bh6 34. Rxb5 Rxb5 35. Rxc4 Ra5 36. Rc2 a3 37. Ra2 Kf7 38. g3 Ke7 39. Bc4 Kd6 40. Kf1 Bc1 41. Rc2 Bb2 42. Ba2 Rc5 43. Rxc5 Kxc5 44. Ke2 Kd4 45. d6 Bc3 46. f3 Ba5 47. Bd5 Kc3 48. f4 Kb2 49. Kd3 a2 50. Bxa2 Kxa2 51. fxe5 fxe5 52. Kc4 Bd8 53. Kd5 Kb3 54. Kxe5 Kc4 55. Ke6 Kd4 56. e5 Ke4 57. d7 Bc7 58. g4 g5 59. Kf6 Bd8+ 60. Ke6 Bc7 1/2-1/2

[Event "Milan Befana op-B"]
[Site "Milan"]
[Date "2014.01.04"]
[Round "3"]
[White "Casartelli, Fabio"]
[Black "Pirrello, Christian"]
[Result "1-0"]
[WhiteElo "1848"]
[BlackElo "1641"]
[PlyCount "199"]
[EventDate "2014.01.02"]
[EventType "swiss"]
[EventRounds "7"]
[EventCountry "ITA"]
[SourceTitle "EXT 2015"]
[Source "ChessBase"]
[SourceDate "2014.11.20"]
[SourceVersion "1"]
[SourceVersionDate "2014.11.20"]
[SourceQuality "1"]

1. d4 Nf6 2. Nf3 g6 3. Nbd2 Bg7 4. e4 d6 5. Bd3 0-0 6. 0-0 Nbd7 7. c4 e5 8. dxe5 Nxe5 9. Nxe5 dxe5 10. Qc2 c6 11. b3 Qc7 12. Bb2 Nd7 13. b4 a5 14. a3 axb4 15. axb4 Rxa1 16. Rxa1 Rd8 17. c5 Nf8 18. Nc4 Ne6 19. Nd6 b6 20. Bc4 bxc5 21. bxc5 Kf8 22. Ra8 Nxc5 23. Rxc8 Qxd6 24. Rxd8+ Qxd8 25. Ba3 Qa5 26. Qc1 Bf6 27. Bxf7 Kxf7 28. Bxc5 Kg7 29. g3 Bg5 30. Qc4 Qb5 31. Qc2 Qa5 32. Bd6 Qb5 33. Kg2 Bf6 34. h3 h6 35. Qa2 Qb7 36. Qe6 Qf7 37. Qc8 Kh7 38. Qxc6 Bg7 39. Qd5 Qf6 40. Qc5 g5 41. Qc7 h5 42. Qd7 Kh6 43. g4 h4 44. Be7 Qf4 45. Qe6+ Kh7 46. Qf5+ Kh6 47. Qxf4 exf4 48. Kf3 Kg6 49. Ke2 Bh6 50. f3 Kf7 51. Bc5 Ke6 52. Kd3 Bg7 53. Bd4 Bf8 54. Kc4 Bd6 55. Bb6 Be7 56. Bc7 Kd7 57. Bb8 Ke6 58. Kb5 Bf6 59. Kc6 Bd8 60. Bc7 Be7 61. e5 Bb4 62. Bd8 Kxe5 63. Bxg5 Be1 64. Kc5 Bf2+ 65. Kc4 Bg3 66. Bh6 Bf2 67. Kd3 Bg3 68. Bg7+ Kd5 69. Bc3 Bf2 70. g5 Bg3 71. g6 Ke6 72. Ke4 Ke7 73. Be5 Ke6 74. g7 Kf7 75. g8Q+ Kxg8 76. Bxf4 Be1 77. Kf5 Kf7 78. Bg5 Kg7 79. Kg4 Kg6 80. Bxh4 Bc3 81. f4 Bg7 82. f5+ Kf7 83. Bf2 Bh6 84. Bg3 Bg7 85. Bf4 Ba1 86. h4 Bb2 87. h5 Bh8 88. Kf3 Bf6 89. Ke4 Bg7 90. h6 Bf8 91. Be3 Kg8 92. Kd5 Kf7 93. Ke5 Kg8 94. Ke6 Ba3 95. f6 Kh7 96. Bf4 Bf8 97. Kf7 Bg7 98. Be3 Bh8 99. Ke7 Bg7 100. hxg7 1-0

[Event "Crema op 14th"]
[Site "Crema"]
[Date "2012.08.31"]
[Round "2"]
[White "Guidi, Maurizio"]
[Black "Casartelli, Fabio"]
[Result "1-0"]
[WhiteElo "2058"]
[BlackElo "1860"]
[PlyCount "90"]
[EventDate "2012.08.31"]
[EventType "swiss"]
[EventRounds "6"]
[EventCountry "ITA"]
[SourceTitle "EXT 2014"]
[Source "ChessBase"]
[SourceDate "2013.11.20"]
[SourceVersion "1"]
[SourceVersionDate "2013.11.20"]
[SourceQuality "1"]

1. Nf3 b6 2. g3 Bb7 3. Bg2 Nf6 4. 0-0 e6 5. c4 Be7 6. Nc3 0-0 7. d4 d5 8. cxd5 Nxd5 9. Re1 Nd7 10. e4 Nxc3 11. bxc3 c5 12. d5 exd5 13. exd5 Bf6 14. Qd3 c4 15. Qd2 Re8 16. Rxe8+ Qxe8 17. Ba3 Ne5 18. Re1 Nxf3+ 19. Bxf3 Qd7 20. Bg2 Rd8 21. Rd1 Qa4 22. Bb2 a5 23. a3 b5 24. Qe2 b4 25. cxb4 Bxb2 26. Qxb2 axb4 27. Qxb4 Qxb4 28. axb4 Kf8 29. Rd4 Bxd5 30. Bxd5 Rxd5 31. Rxc4 Ke7 32. Rc7+ Ke6 33. Rb7 Rd7 34. Rb8 Kd6 35. Kg2 Kc7 36. Rf8 Kb6 37. h4 Rb7 38. Rg8 f6 39. Rh8 h6 40. Rd8 Kc6 41. Rd4 Rd7 42. Rxd7 Kxd7 43. Kf3 g6 44. h5 g5 45. Ke4 Ke6 1-0

[Event "Milan SSM August"]
[Site "Milan"]
[Date "2010.08.01"]
[Round "3"]
[White "Bisignano, Giuseppe"]
[Black "Casartelli, Fabio"]
[Result "1-0"]
[WhiteElo "1940"]
[BlackElo "1886"]
[PlyCount "91"]
[EventDate "2010.07.30"]
[EventType "swiss"]
[EventRounds "7"]
[EventCountry "ITA"]
[SourceTitle "EXT 2024"]
[Source "ChessBase"]
[SourceDate "2023.10.10"]
[SourceVersion "1"]
[SourceVersionDate "2023.10.10"]
[SourceQuality "1"]

1. e4 e5 2. Nf3 Nf6 3. Nxe5 d6 4. Nf3 Nxe4 5. d4 d5 6. h3 Be7 7. Bd3 Bf5 8. 0-0 Nc6 9. Re1 0-0 10. a3 Re8 11. Bf4 Bd6 12. Be5 Bxe5 13. dxe5 Nxe5 14. Nxe5 Rxe5 15. f3 Qh4 16. fxe4 Bxh3 17. Re2 dxe4 18. Qe1 Qg4 19. Bc4 b5 20. Bb3 e3 21. Nc3 Rg5 22. Bd5 Rd8 23. Rd1 Rd6 24. Rxe3 h5 25. Bf3 Rxd1 26. Qxd1 Qf4 27. Qd8+ Kh7 28. Qd3+ f5 29. Nd5 Qg3 30. Qe2 Qd6 31. Kh1 Qg3 32. Be4 Qd6 33. Rxh3 fxe4 34. Rxh5+ Kg6 35. Rxg5+ Kxg5 36. Qxe4 c6 37. Qe7+ Qxe7 38. Nxe7 c5 39. Kh2 Kf4 40. Nd5+ Ke5 41. Nc7 b4 42. axb4 c4 43. Kg3 Kd4 44. Nb5+ Ke3 45. Nxa7 Kd2 46. b5 1-0

[Event "Milan Crespi op-B 30th"]
[Site "Milan"]
[Date "2009.12.06"]
[Round "3"]
[White "Paulovich, Adriano"]
[Black "Casartelli, Fabio"]
[Result "0-1"]
[WhiteElo "1773"]
[BlackElo "1908"]
[PlyCount "62"]
[EventDate "2009.12.04"]
[EventType "swiss"]
[EventRounds "7"]
[EventCountry "ITA"]
[SourceTitle "EXT 2012"]
[Source "ChessBase"]
[SourceDate "2011.11.24"]
[SourceVersion "1"]
[SourceVersionDate "2011.11.24"]
[SourceQuality "1"]

1. e4 e5 2. Nf3 Nf6 3. Nc3 Bb4 4. d3 d5 5. Bd2 Bg4 6. h3 Bxf3 7. Qxf3 Nc6 8. 0-0-0 d4 9. Nb1 Bxd2+ 10. Nxd2 Qe7 11. Kb1 a5 12. Rc1 b5 13. c4 dxc3 14. Rxc3 Nd4 15. Qd1 0-0 16. Nf3 Rfd8 17. Nxd4 Rxd4 18. Qc2 Rc8 19. Be2 c5 20. h4 Rc7 21. h5 h6 22. g3 Nd7 23. f4 Nb6 24. Qc1 exf4 25. gxf4 c4 26. Qe3 Rcd7 27. f5 b4 28. Rcc1 cxd3 29. Bxd3 Rxd3 30. Qxb6 Qxe4 31. Rce1 Re3+ 0-1

[Event "Ceriano Laghetto op-B 17th"]
[Site "Ceriano Laghetto"]
[Date "2008.03.30"]
[Round "5"]
[White "Casartelli, Fabio"]
[Black "Punteri, Marco"]
[Result "0-1"]
[WhiteElo "1894"]
[BlackElo "1983"]
[PlyCount "62"]
[EventDate "2008.03.28"]
[EventType "swiss"]
[EventRounds "5"]
[EventCountry "ITA"]
[SourceTitle "EXT 2011"]
[Source "ChessBase"]
[SourceDate "2010.11.26"]
[SourceVersion "1"]
[SourceVersionDate "2010.11.26"]
[SourceQuality "1"]

1. e4 c5 2. Nf3 Nc6 3. Be2 g6 4. c3 Bg7 5. d4 cxd4 6. cxd4 d5 7. e5 Bg4 8. Nc3 Nh6 9. Bxh6 Bxh6 10. 0-0 0-0 11. h3 Bxf3 12. Bxf3 e6 13. Be2 Qb6 14. Na4 Qxd4 15. Qxd4 Nxd4 16. Bd3 Bf4 17. Rfe1 b6 18. Kf1 Rfc8 19. g3 Bh6 20. f4 Nc2 21. Ba6 Rd8 22. Rac1 Nxe1 23. Kxe1 g5 24. fxg5 Bxg5 25. Rc7 d4 26. Ke2 Rd5 27. Kd3 Rad8 28. Rxa7 Rxe5 29. Nxb6 Re3+ 30. Kc2 d3+ 31. Kd1 d2 0-1

[Event "Ceriano Laghetto op-B 17th"]
[Site "Ceriano Laghetto"]
[Date "2008.03.29"]
[Round "2"]
[White "Palminteri, Vincenzo"]
[Black "Casartelli, Fabio"]
[Result "1/2-1/2"]
[WhiteElo "1754"]
[BlackElo "1894"]
[PlyCount "89"]
[EventDate "2008.03.28"]
[EventType "swiss"]
[EventRounds "5"]
[EventCountry "ITA"]
[SourceTitle "EXT 2011"]
[Source "ChessBase"]
[SourceDate "2010.11.26"]
[SourceVersion "1"]
[SourceVersionDate "2010.11.26"]
[SourceQuality "1"]

1. e4 e5 2. Nf3 Nf6 3. d4 Nxe4 4. Nxe5 d6 5. Nf3 d5 6. Bd3 Be7 7. 0-0 Bg4 8. Re1 Nc6 9. c3 f5 10. Nbd2 0-0 11. Qb3 Na5 12. Qc2 Bd6 13. c4 Bxf3 14. Nxf3 Nxc4 15. Bxc4 dxc4 16. Qxc4+ Kh8 17. Ne5 Bxe5 18. dxe5 Qe7 19. Bf4 g5 20. f3 gxf4 21. fxe4 Rae8 22. exf5 Rxf5 23. e6 f3 24. Qd4+ Kg8 25. Qg4+ Qg5 26. gxf3 Kg7 27. Qxg5+ Rxg5+ 28. Kf2 Kf6 29. Rad1 Rxe6 30. Rd7 Rxe1 31. Kxe1 Re5+ 32. Kf2 Re7 33. Rxe7 Kxe7 34. Ke3 Kf6 35. Ke4 c6 36. f4 a5 37. a4 h5 38. h4 b5 39. axb5 cxb5 40. Kd4 Kf5 41. Kc5 b4 42. Kb5 Kxf4 43. Kxa5 Kg4 44. Kxb4 Kxh4 45. Kc3 1/2-1/2

[Event "Cologno Monzese op 26th"]
[Site "Cologno Monzese"]
[Date "2007.10.12"]
[Round "5"]
[White "Casartelli, Fabio"]
[Black "Bernago, Federico"]
[Result "0-1"]
[WhiteElo "1916"]
[BlackElo "1994"]
[PlyCount "114"]
[EventDate "2007.09.14"]
[EventType "swiss"]
[EventRounds "6"]
[EventCountry "ITA"]
[SourceTitle "EXT 2024"]
[Source "ChessBase"]
[SourceDate "2023.10.10"]
[SourceVersion "1"]
[SourceVersionDate "2023.10.10"]
[SourceQuality "1"]

1. d4 Nf6 2. Bg5 g6 3. Nd2 Bg7 4. e4 d6 5. Be2 Nbd7 6. Ngf3 e5 7. 0-0 0-0 8. c3 h6 9. Bh4 Re8 10. d5 Nf8 11. Bb5 Bd7 12. Qa4 a6 13. Bxd7 Qxd7 14. Qxd7 N8xd7 15. b4 Nh5 16. Rfe1 f5 17. h3 f4 18. g4 fxg3 19. Bxg3 Nf4 20. Bxf4 exf4 21. Rac1 g5 22. c4 a5 23. c5 axb4 24. cxd6 cxd6 25. Rc7 Nc5 26. e5 Nd3 27. Rb1 Bxe5 28. Nc4 Rec8 29. Rxc8+ Rxc8 30. Ncxe5 dxe5 31. Rb3 Rc3 32. Kf1 Rxb3 33. axb3 Kf7 34. Ke2 Nc1+ 35. Kd1 Nxb3 36. Nxe5+ Ke7 37. Nd3 Kd6 38. Nxb4 Kc5 39. Nd3+ Kxd5 40. h4 Ke4 41. hxg5 hxg5 42. Ne1 Nd4 43. Kc1 g4 44. Kd1 b6 45. Kc1 g3 46. fxg3 fxg3 47. Ng2 Kf3 48. Nh4+ Kf2 49. Kb2 g2 50. Nxg2 Kxg2 51. Kc3 Nb5+ 52. Kc4 Nd6+ 53. Kd5 b5 54. Kc5 Kf3 55. Kd5 Ke3 56. Kc5 Kd3 57. Kb4 Kd4 0-1

[Event "Bratto Martesana op"]
[Site "Bratto"]
[Date "2006.11.19"]
[Round "6"]
[White "Conti, Walter"]
[Black "Casartelli, Fabio"]
[Result "1-0"]
[WhiteElo "1806"]
[BlackElo "1947"]
[PlyCount "81"]
[EventDate "2006.11.11"]
[EventType "swiss"]
[EventRounds "6"]
[EventCountry "ITA"]
[SourceTitle "EXT 2008"]
[Source "ChessBase"]
[SourceDate "2007.11.25"]
[SourceVersion "1"]
[SourceVersionDate "2007.11.25"]
[SourceQuality "1"]

1. d4 b6 2. Bf4 Nf6 3. e3 e6 4. Nd2 Bb7 5. Ngf3 c5 6. Bd3 d5 7. c3 Nbd7 8. 0-0 Be7 9. h3 0-0 10. Qe2 Ne4 11. Rfd1 f5 12. Bb5 Ndf6 13. Nxe4 Nxe4 14. Ne5 a6 15. Bc6 Qc8 16. Bd7 Qd8 17. Bxe6+ Kh8 18. Qh5 Qe8 19. Qxe8 Raxe8 20. Nf7+ Rxf7 21. Bxf7 Rf8 22. Bh5 g6 23. Be2 g5 24. Bc7 f4 25. exf4 gxf4 26. Bg4 Kg7 27. f3 Ng3 28. Re1 Bh4 29. Re6 h5 30. Rxb6 hxg4 31. Rxb7 Ne2+ 32. Kf1 Ng3+ 33. Ke1 Kg6 34. Kd2 cxd4 35. cxd4 Nf5 36. Be5 Ne3 37. b3 Nxg2 38. hxg4 Bf6 39. Rb6 Nh4 40. Ke2 Rc8 41. Bxf6 1-0

[Event "Monza op"]
[Site "Monza"]
[Date "2006.03.26"]
[Round "5"]
[White "Bertrecchi, Corrado"]
[Black "Casartelli, Fabio"]
[Result "0-1"]
[WhiteElo "1395"]
[BlackElo "1965"]
[PlyCount "64"]
[EventDate "2006.03.18"]
[EventType "swiss"]
[EventRounds "6"]
[EventCountry "ITA"]
[SourceTitle "EXT 2007"]
[Source "ChessBase"]
[SourceDate "2006.11.23"]
[SourceVersion "1"]
[SourceVersionDate "2006.11.23"]
[SourceQuality "1"]

1. d4 Nf6 2. c4 e5 3. d5 Bc5 4. e3 0-0 5. a3 a6 6. b4 Ba7 7. Bb2 d6 8. Nd2 Bf5 9. h3 Nbd7 10. g4 Bg6 11. Bg2 Qe7 12. h4 h6 13. e4 Nb6 14. Bc1 Qd7 15. f3 Na4 16. Nb1 b5 17. Bh3 Qd8 18. g5 Nh5 19. Bf1 Bd4 20. Ra2 Ng3 21. Rh3 Nxf1 22. Kxf1 Qd7 23. Rah2 h5 24. Qb3 Nb6 25. Nd2 bxc4 26. Nxc4 Qb5 27. Rc2 a5 28. a4 Nxa4 29. Ne2 Bc5 30. Bd2 axb4 31. Nc3 Nxc3 32. Bxc3 Ra3 0-1